Spanish Months, Seasons and Days - Statistics

General Stats
  • This quiz has been taken 98 times
    50 since last reset
  • The average score is 22 of 23
Answer Stats
Español English % Correct
Diciembre December
100%
Viernes Friday
100%
Julio July
100%
Junio June
100%
Mayo May
100%
Lunes Monday
100%
Noviembre November
100%
Sábado Saturday
100%
Domingo Sunday
100%
Abril April
97%
Octubre October
97%
Septiembre September
97%
Verano Summer
97%
Jueves Thursday
97%
Martes Tuesday
97%
Miércoles Wednesday
97%
Invierno Winter
97%
Agosto August
93%
Febrero February
93%
Marzo March
93%
Primavera Spring
93%
Otoño Autumn
90%
Enero January
90%
No matching quizzes found
Score Distribution
Percent of People with Each Score
Percentile by Number Answered
Your Score History
You have not taken this quiz since the last reset